[Event "16th open"]
[Site "Cappelle La Grande FRA"]
[Date "2000.02.25"]
[Round "8"]
[White "Tirard,H"]
[Black "Zontakh,A"]
[Result "0-1"]
[WhiteElo "2366"]
[BlackElo "2576"]

1.e4 e6 2.d4 d5 3.Nc3 Nf6 4.e5 Nfd7 5.f4 c5 6.Nf3 Nc6 7.Be3 cxd4 8.Nxd4 Bc5
9.Qd2 O-O 10.O-O-O a6 11.h4 Nxd4 12.Bxd4 b5 13.Rh3 b4 14.Na4 Bxd4 15.Qxd4 a5
16.Bb5 Rb8 17.Bd3 Bb7 18.Rg3 Bc6 19.Nc5 Nxc5 20.Qxc5 Qc7 21.Qd4 Bb5 22.f5 Bxd3
23.Rgxd3 Rfc8 24.R1d2 Rb6 25.Re3 Rc6 26.Qd3 Rc4 27.g3 a4 28.fxe6 fxe6 29.Qe2 Qc5
30.Rf3 a3 31.Qf2 axb2+ 32.Kb1 Qc7 33.Re2 Rc3 34.Rf4 b3 35.axb3 Rxb3 36.Rf7 Ra8
37.Rxg7+ Kh8  0-1

[Event "3rd Open"]
[Site "Malaga ESP"]
[Date "2000.03.02"]
[Round "7"]
[White "Herrera,I"]
[Black "Larios Crespo,M"]
[Result "1-0"]
[WhiteElo "2472"]
[BlackElo "2146"]

1.e4 e6 2.d4 d5 3.Nc3 Nf6 4.e5 Nfd7 5.f4 c5 6.Nf3 Nc6 7.Be3 cxd4 8.Nxd4 Bc5
9.Qd2 O-O 10.O-O-O Bxd4 11.Bxd4 a6 12.Kb1 b5 13.Bf2 Qa5 14.Bd3 Bb7 15.h4 Rfc8
16.h5 Nb4 17.a3 Nxd3 18.cxd3 Rc7 19.Bd4 Rac8 20.g4 Nb6 21.f5 Na4 22.f6 h6
23.fxg7 Kxg7 24.Ne2 Qxd2 25.Rxd2 a5 26.b4 axb4 27.axb4 Kh7 28.Rg1 Ba6 29.Rf1 Kg7
30.Rf6 Bb7 31.Rf2 Kh7 32.Rf1 Rg8 33.Rc2 Rgc8 34.Rxc7 Rxc7 35.Rc1 Rd7 36.Kc2 Rc7+
37.Kd2 Rxc1 38.Kxc1 Bc6 39.Kd2 Bd7 40.Ke3 Kg7 41.Kf4 Be8 42.Ng3 Bd7 43.Nf1 Kh7
44.Ne3 Be8 45.g5 f5 46.exf6 Bxh5 47.gxh6 Kxh6 48.Ke5 Bf7 49.Ng2 Kg5 50.Nf4  1-0

[Event "Oz.com qualifier blitz"]
[Site "Internet ICC"]
[Date "2000.03.05"]
[Round "2"]
[White "Dimitrijeski,B"]
[Black "Russell,C"]
[Result "1-0"]
[WhiteElo "2194"]
[BlackElo "2284"]

1.e4 e6 2.d4 d5 3.Nc3 Nf6 4.e5 Nfd7 5.f4 c5 6.Nf3 Nc6 7.Be3 a6 8.Qd2 cxd4
9.Nxd4 Bc5 10.O-O-O Bxd4 11.Bxd4 b5 12.h4 Qa5 13.Kb1 Rb8 14.Ne2 b4 15.Rh3 Nc5
16.Bxc5 Qxc5 17.h5 Bd7 18.h6 g6 19.c3 Ke7 20.Nd4 bxc3 21.Rxc3 Qxd4 22.Qxd4 Nxd4
23.Rxd4 Rhc8 24.Rxc8 Bxc8 25.Ra4 Rb6 26.Kc2 f6 27.Bd3 f5 28.Kc3 Kd7 29.Rb4 Kc6
30.Rxb6+ Kxb6 31.b4 Bd7 32.Kd4 Bb5 33.Bc2 Bc4 34.a4 Kc6 35.Ke3 Kb6 36.Kf2 Kc6
37.Kg3 Kd7 38.Kh4 Ke7 39.Kg5 Kf7 40.g4 Be2 41.gxf5 gxf5 42.Kh4 Kg6 43.Kg3 Kxh6
44.Kf2 Bc4 45.Ke3 Kg6 46.Bd3 h5 47.Bxc4 dxc4 48.b5 axb5 49.axb5 h4 50.b6 h3
51.b7 h2 52.b8=Q h1=Q 53.Qg8+ Kh5 54.Qh8+ Kg4 55.Qxh1 c3 56.Qg2+ Kh4 57.Qg5+ Kh3
58.Kf3 c2 59.Qg3+  1-0

[Event "Oz.com qualifier blitz"]
[Site "Internet ICC"]
[Date "2000.03.05"]
[Round "8"]
[White "Grijalva,R"]
[Black "Netolitzky,G"]
[Result "1-0"]
[WhiteElo "2104"]
[BlackElo "2228"]

1.e4 e6 2.d4 d5 3.Nc3 Nf6 4.e5 Nfd7 5.f4 c5 6.Nf3 Nc6 7.Be3 Be7 8.dxc5 Nxc5
9.Be2 O-O 10.O-O Bd7 11.a3 Rc8 12.Qe1 f6 13.exf6 Rxf6 14.b4 Ne4 15.Nxe4 dxe4
16.Ng5 Rf5 17.Nxe4 Bf6 18.Nxf6+ Rxf6 19.Rd1 Qe8 20.Bd3 Ne7 21.Bxa7 Nd5 22.Qh4 Rh6
23.Qg3 Bc6 24.c4 Nc3 25.Bd4 Rc7 26.Bxc3 Rf7 27.f5 exf5 28.Rxf5 Rg6 29.Rg5 Rf3
30.Rxg6 Rxg3 31.Rxg3 g6 32.b5 Bd7 33.c5 Qc8 34.Bc4+ Kf8 35.Rf3+ Ke7 36.Re1+ Kd8
37.Rf8+ Kc7 38.Be5+  1-0

[Event "Oz.com qualifier blitz"]
[Site "Internet ICC"]
[Date "2000.03.05"]
[Round "9"]
[White "Russell,C"]
[Black "Netolitzky,G"]
[Result "1-0"]
[WhiteElo "2284"]
[BlackElo "2228"]

1.d4 e6 2.e4 d5 3.Nc3 Nf6 4.e5 Nfd7 5.f4 c5 6.Nf3 Nc6 7.Be3 Be7 8.Qd2 O-O
9.O-O-O f6 10.exf6 Rxf6 11.dxc5 Nxc5 12.g3 Qa5 13.Nd4 Bd7 14.Bg2 Rc8 15.Kb1 a6
16.Nxc6 Bxc6 17.Nxd5 Qxd2 18.Nxf6+ Bxf6 19.Rxd2 Bxg2 20.Rxg2 Na4 21.c3 b5
22.Rd2 e5 23.fxe5 Bxe5 24.Bd4 Bxd4 25.Rxd4 Re8 26.Rhd1  1-0

[Event "33rd 8th March Women's It"]
[Site "Belgrade YUG"]
[Date "2000.03.14"]
[Round "11"]
[White "Maric,M"]
[Black "Velcheva,M"]
[Result "1/2-1/2"]
[WhiteElo "2324"]
[BlackElo "2364"]

1.e4 e6 2.d4 d5 3.Nc3 Nf6 4.e5 Nfd7 5.f4 c5 6.Nf3 Nc6 7.Be3 cxd4 8.Nxd4 Bc5
9.Qd2 O-O 10.O-O-O a6 11.h4 Nxd4 12.Bxd4 b5 13.Rh3 b4 14.Na4 Bxd4 15.Qxd4 Qa5
16.b3 Bb7 17.c3 bxc3 18.Rxc3 Rfc8 19.Kb2 Rxc3 20.Qxc3 Qxc3+ 21.Nxc3 f6 22.exf6 gxf6
23.f5 Kf7 24.Bc4 Nb6 25.fxe6+ Kxe6 26.Be2 Rd8 27.Bf3 f5 28.Ne2 Kf6 29.Rf1 Ke5
30.Re1 Nd7 31.Ng3+ Kf6 32.Nh5+ Kf7 33.Ng3 Nc5 34.Rd1 Kf6 35.b4 Ne6 36.Ne2 Ke5
37.Re1 Kd6 38.Rd1 Ke5 39.Re1 Kd6 40.Rd1  1/2-1/2

[Event "Ciocaltea Mem"]
[Site "Bucharest ROM"]
[Date "2000.03.14"]
[Round "2"]
[White "Apicella,M"]
[Black "Miljanic,B"]
[Result "1/2-1/2"]
[WhiteElo "2509"]
[BlackElo "2429"]

1.e4 e6 2.d4 d5 3.Nc3 Nf6 4.e5 Nfd7 5.f4 c5 6.Nf3 Nc6 7.Be3 a6 8.Qd2 cxd4
9.Nxd4 Bc5 10.O-O-O O-O 11.h4 Nxd4 12.Bxd4 b5 13.Bxc5 Nxc5 14.Qd4 Qc7 15.a3 Bb7
16.Bd3 Rac8 17.Kb1 Rfd8 18.h5 Ne4 19.Bxe4 dxe4 20.Qe3 Rxd1+ 21.Rxd1 a5 22.Rd2 b4
23.Nb5 Qe7 24.Nd6 Ra8 25.a4 Bc6 26.g3 Bxa4 27.Qxe4 Qa7 28.b3 Be8 29.Qd4 Qa6
30.Nxe8 Rxe8 31.Qd7 Rf8 32.Qe7 Qb6 33.Kb2 h6 34.g4 Qe3 35.Rd8 Qc3+ 36.Kb1 Qe1+
37.Ka2 Rxd8 38.Qxd8+ Kh7 39.Qd3+ Kg8 40.Kb2 Qf2 41.Qe4 Qg1 42.f5 Qc5 43.Qa8+  1/2-1/2

[Event "Dos Hermanas Qualifier"]
[Site "Internet ICC"]
[Date "2000.03.18"]
[Round "1.3"]
[White "Macieja,B"]
[Black "Gonzalez Rodriguez,JA"]
[Result "0-1"]
[WhiteElo "2538"]
[BlackElo "2312"]

1.e4 e6 2.d4 d5 3.Nc3 Nf6 4.e5 Ng8 5.f4 b6 6.Nf3 Qd7 7.Be3 c6 8.h3 h5 9.Rg1 Ba6
10.Bxa6 Nxa6 11.Qe2 Nc7 12.g4 O-O-O 13.O-O-O Kb7 14.Kb1 Rc8 15.Ng5 Nh6 16.Qf3 f6
17.Nxe6 Qxe6 18.f5 hxg4 19.hxg4 Qe8 20.Rh1 fxe5 21.dxe5 Qxe5 22.Bd4 Qd6 23.g5 Nf7
24.Rxh8 Nxh8 25.Qh5 c5 26.Bg1 Be7 27.Bh2 Qd7 28.Bxc7 Qxc7 29.Nxd5 Qd6 30.Qf3 Qc6
31.Qe3 Bd6 32.g6 Re8 33.Qf3 c4 34.Qc3 Be5 35.Qf3 Rd8 36.b3 c3 37.Qe4 Bf6
38.Qf3 a6 39.a4 a5 40.Ka2 Nxg6 41.Rd3 Ne5  0-1

[Event "NED-chT"]
[Site "Leeuwarden NED"]
[Date "2000.03.19"]
[Round "6"]
[White "Van de Oudeweetering,A"]
[Black "Glek,I"]
[Result "1-0"]
[WhiteElo "2372"]
[BlackElo "2554"]

1.e4 e6 2.d4 d5 3.Nc3 Nf6 4.e5 Nfd7 5.Nf3 c5 6.Bb5 Nc6 7.O-O Qc7 8.Re1 Be7
9.Ne2 cxd4 10.Nexd4 O-O 11.Bf4 Nc5 12.c3 Qb6 13.Qc2 Bd7 14.Nxc6 bxc6 15.Bf1 f5
16.exf6 gxf6 17.Be3 Qb7 18.c4 Rac8 19.Rad1 e5 20.cxd5 cxd5 21.Qd2 Be6 22.Bxc5 Bxc5
23.a3 Bb6 24.b4 Qd7 25.g3 Rc7 26.Rc1 Rxc1 27.Rxc1 Rc8 28.Rxc8+ Qxc8 29.a4 Qf8
30.a5 Bd8 31.Be2 Be7 32.b5 Bb4 33.Qa2 Qc5 34.Kg2 Kf7 35.Qa4 e4 36.Ng1 Bd7
37.Nh3 a6 38.Qb3 Bxb5 39.Bxb5 Qxb5  1-0

[Event "55th ch-YUG"]
[Site "Subotica YUG"]
[Date "2000.03.22"]
[Round "6"]
[White "Velimirovic,D"]
[Black "Kosic,D"]
[Result "1-0"]
[WhiteElo "2558"]
[BlackElo "2521"]

1.e4 e6 2.d4 d5 3.Nc3 Nf6 4.e5 Nfd7 5.f4 c5 6.Nf3 Nc6 7.Ne2 b5 8.a3 Qb6 9.Be3 a5
10.c3 Ba6 11.dxc5 Bxc5 12.Ned4 b4 13.Bxa6 Rxa6 14.O-O O-O 15.Qd3 bxc3 16.bxc3 Rc8
17.Ng5 Nf8 18.Rab1 Qa7 19.Rb5 Bxd4 20.cxd4 h6 21.Nf3 Rb6 22.Rc5 Nd7 23.Rc3 Ne7
24.Rxc8+ Nxc8 25.f5 exf5 26.Qxf5 Ne7 27.Qf4 Ng6 28.Qg3 Ndf8 29.h4 Rb3 30.Qf2 Ne6
31.h5 Ngf8 32.Nh4 Nh7 33.Rc1 Qb7 34.Nf5 Rb1 35.Rxb1 Qxb1+ 36.Kh2 Qb7 37.Qf3 Kf8
38.Nd6 Qe7 39.Kg1 Nc7 40.Bd2 Ng5 41.Qb3 Kg8 42.Bxa5 Nce6 43.Qxd5 Nf4 44.Qb7 Ne2+
45.Kf2 Qxb7 46.Nxb7 Nxd4 47.a4 Nc6 48.Bc7 Ne4+ 49.Kf3 Nc3 50.a5 Kf8 51.a6 Nb5
52.Bd6+ Ke8 53.Nc5 f6 54.Ke4 fxe5 55.Bxe5 Kf7 56.Kd5 Nba7 57.Nd3 g6 58.Bf4 Kf6
59.Kc5 gxh5 60.Kb6 Ke6 61.Bxh6 Kd7 62.Kb7 Nb5 63.Nc5+ Kd6 64.Ne4+ Kd7 65.Nf6+ Kd6
66.Bf8+  1-0

[Event "55th ch-YUG"]
[Site "Subotica YUG"]
[Date "2000.03.22"]
[Round "6"]
[White "Sedlak,N"]
[Black "Antic,D"]
[Result "0-1"]
[WhiteElo "2323"]
[BlackElo "2491"]

1.e4 e6 2.d4 d5 3.Nc3 Nf6 4.e5 Nfd7 5.f4 c5 6.Nf3 Nc6 7.Be3 cxd4 8.Nxd4 Bc5
9.Qd2 O-O 10.O-O-O Nxd4 11.Bxd4 a6 12.h4 b5 13.Rh3 b4 14.Na4 Bxd4 15.Qxd4 a5
16.Bb5 Rb8 17.Bd3 Qc7 18.Re1 Qc6 19.b3 Ba6 20.Bxa6 Qxa6 21.h5 Rfc8 22.f5 Qc6
23.Re2 Nc5 24.f6 Ne4 25.fxg7 h6 26.Rf3 Rb7 27.Qe3 Kxg7 28.Rf4 Rbc7 29.Rg4+ Kh7
30.Qd3 Rg8 31.Rxg8 Kxg8 32.Re3 Rc8 33.Re2 Qc7 34.Qd4 Qe7 35.Qe3 Kg7 36.Qf4 Rc6
37.Kb2 f5 38.Qe3 Kh7 39.Re1 Qg7 40.Qd4 Qxg2  0-1

[Event "ch-ISL (team)"]
[Site "Reykjavik ISL"]
[Date "2000.03.24"]
[Round "?"]
[White "Vidarsson,J"]
[Black "Thorhallsson,T"]
[Result "1/2-1/2"]
[WhiteElo "2357"]
[BlackElo "2489"]

1.e4 e6 2.d4 d5 3.Nc3 Nf6 4.e5 Nfd7 5.f4 c5 6.Nf3 Qb6 7.Be3 a6 8.Na4 Qa5+
9.c3 cxd4 10.b4 Qc7 11.Bxd4 Nc6 12.a3 Be7 13.Bd3 b5 14.Nb2 Nxd4 15.cxd4 Nb6
16.O-O Nc4 17.Qc2 Qb6 18.Rfe1 g6 19.Bf1 Nxb2  1/2-1/2

[Event "55th ch-YUG"]
[Site "Subotica YUG"]
[Date "2000.03.25"]
[Round "8"]
[White "Sedlak,N"]
[Black "Marjanovic,S"]
[Result "0-1"]
[WhiteElo "2323"]
[BlackElo "2524"]

1.e4 e6 2.d4 d5 3.Nc3 Nf6 4.e5 Nfd7 5.f4 c5 6.Nf3 Nc6 7.Be3 cxd4 8.Nxd4 Qb6
9.Qd2 Qxb2 10.Rb1 Qa3 11.Bb5 Nxd4 12.Bxd4 Bb4 13.Rb3 Qa5 14.O-O O-O 15.Qe3 Nb6
16.Kh1 Rd8 17.f5 exf5 18.e6 Bxe6 19.Qg5 Bf8 20.Nxd5 Nxd5 21.Bxg7 Bxg7 22.Rg3 Kf8
23.Qxg7+ Ke7 24.a4 Rg8 25.Qh6 Qb4 26.c4 Nf6 27.Qf4 Qd6 28.Qe3 Rxg3 29.hxg3 Ne4  0-1

[Event "55th ch-YUG"]
[Site "Subotica YUG"]
[Date "2000.03.26"]
[Round "9"]
[White "Marjanovic,S"]
[Black "Antic,D"]
[Result "1/2-1/2"]
[WhiteElo "2524"]
[BlackElo "2491"]

1.e4 e6 2.d4 d5 3.Nc3 Nf6 4.e5 Nfd7 5.f4 c5 6.Nf3 Nc6 7.Be3 cxd4 8.Nxd4 Bc5
9.Qd2 O-O 10.O-O-O a6 11.h4 Nxd4 12.Bxd4 b5 13.Rh3 b4 14.Na4 Bxd4 15.Qxd4 a5
16.Bb5 Rb8 17.Bd3 Bb7 18.f5 Bc6 19.Nc5 Nxc5 20.Qxc5 Qb6 21.Qxb6 Rxb6 22.Rf3 Rc8
23.fxe6 fxe6 24.Rf4 Bb5 25.Kd2 Bxd3 26.cxd3 Rbc6 27.Ke3 Rf8 28.Rxf8+ Kxf8
29.Rf1+ Ke7 30.Kd2 h5 31.b3 Rc8 32.g3 g5 33.Rf6 gxh4 34.gxh4 Rg8 35.Rh6 Rg2+
36.Ke3 Kf7 37.Rxh5 Kg6 38.Rh8 Kf5 39.Rh5+ Kg6 40.Rh8 Kf5 41.Rh5+ Kg6 42.Rg5+ Rxg5
43.hxg5 Kxg5 44.Kf3 Kf5 45.d4  1/2-1/2

[Event "21st Open A"]
[Site "Bled SLO"]
[Date "2000.03.28"]
[Round "4"]
[White "Berndt,S"]
[Black "Soln,P"]
[Result "1/2-1/2"]
[WhiteElo "2500"]
[BlackElo "2382"]

1.e4 e6 2.d4 d5 3.Nc3 Nf6 4.e5 Nfd7 5.f4 c5 6.Nf3 a6 7.Be3 Qb6 8.a3 Nc6 9.dxc5 Bxc5
10.Na4 Qa5+ 11.b4 Qxa4 12.bxc5 f6 13.c4 Qa5+ 14.Qd2 Qxd2+ 15.Kxd2 fxe5 16.cxd5 exd5
17.fxe5 O-O 18.Be2 Ndxe5 19.Nxe5 Nxe5 20.Rab1 Rf7 21.Rhf1 Bf5 22.Rb6 Re8
23.g3 Nc4+ 24.Bxc4 dxc4 25.Bd4  1/2-1/2

[Event "21st Open A"]
[Site "Bled SLO"]
[Date "2000.04.01"]
[Round "8"]
[White "Berndt,S"]
[Black "Furlan,M"]
[Result "1-0"]
[WhiteElo "2500"]
[BlackElo "2362"]

1.e4 e6 2.d4 d5 3.Nc3 Nf6 4.e5 Nfd7 5.f4 c5 6.Nf3 Nc6 7.Be3 a6 8.Qd2 cxd4
9.Nxd4 Bc5 10.O-O-O O-O 11.h4 Nxd4 12.Bxd4 b5 13.Rh3 b4 14.Na4 Bxd4 15.Qxd4 a5
16.Bb5 Rb8 17.Bd3 Qc7 18.h5 Qc6 19.b3 Ba6 20.f5 Rbc8 21.Rd2 Bxd3 22.Rhxd3 Qc7
23.Re2 Rfe8 24.Rg3 exf5 25.e6  1-0

[Event "FSIMA April"]
[Site "Budapest HUN"]
[Date "2000.04.03"]
[Round "3"]
[White "Farago,S"]
[Black "Driamin,D"]
[Result "1/2-1/2"]
[WhiteElo "2271"]
[BlackElo "2230"]

1.e4 e6 2.d4 d5 3.Nc3 Nf6 4.e5 Nfd7 5.Nce2 c5 6.c3 Nc6 7.Nf3 Be7 8.g3 O-O
9.Bg2 b5 10.O-O b4 11.c4 Nb6 12.cxd5 Nxd5 13.dxc5 Ba6 14.Re1 Bxc5 15.Qc2 Qb6
16.Nf4 b3 17.Qe4 Bxf2+ 18.Kh1 Qb4 19.Bd2 Qxe4 20.Rxe4 Nxf4 21.Rxf4 Rad8 22.axb3 Bb5
23.Bc3 Rd7 24.Bf1 Bxf1 25.Rxf1 Be3 26.Re4 Bb6 27.Rc4 Ne7 28.Bb4 Rfd8 29.Rfc1 h6
30.g4 Rd1+ 31.Kg2 Nd5 32.Rxd1 Ne3+ 33.Kg3 Rxd1 34.Rc8+ Kh7 35.Bc5 Rc1 36.Bxb6 Nf1+
37.Kf2 Rxc8 38.Bxa7 Nxh2 39.Nxh2 Rc2+ 40.Kg3 Rxb2 41.Bd4 Rxb3+ 42.Nf3 Kg6
43.Kf4 Rb4 44.Nh4+ Kh7 45.Nf3 Rc4 46.Ke4 Rc2 47.Kf4 Rg2 48.Ne1 Rd2 49.Nf3 Ra2
50.Kg3 Kg8 51.Ne1 Kf8 52.Nf3 Ke7 53.Bc5+ Ke8 54.Bd6 Ra4 55.Bc5 Rc4 56.Bd6 f6
57.exf6 gxf6 58.Bf4 f5 59.gxf5 exf5  1/2-1/2

[Event "Women's Open"]
[Site "St Petersburg RUS"]
[Date "2000.04.11"]
[Round "5"]
[White "Semenova,I"]
[Black "Grabuzova,T"]
[Result "1/2-1/2"]
[WhiteElo "2272"]
[BlackElo "2343"]

1.e4 e6 2.d4 d5 3.Nc3 Nf6 4.e5 Nfd7 5.f4 c5 6.Nf3 Nc6 7.Be3 cxd4 8.Nxd4 Bc5
9.Qd2 Bxd4 10.Bxd4 Nxd4 11.Qxd4 Qb6 12.Qxb6 Nxb6 13.Nb5 Ke7 14.b3 Bd7 15.Nd4 Rag8
16.Be2  1/2-1/2

[Event "Women's Open"]
[Site "St Petersburg RUS"]
[Date "2000.04.13"]
[Round "7"]
[White "Aseeva,M"]
[Black "Ovchinikova,J"]
[Result "0-1"]
[WhiteElo "2098"]
[BlackElo "2221"]

1.e4 e6 2.d4 d5 3.Nc3 Nf6 4.e5 Nfd7 5.f4 c5 6.Nf3 Nc6 7.Be3 a6 8.Qd2 b5 9.dxc5 Bxc5
10.Bxc5 Nxc5 11.Nd4 Bd7 12.a3 Qb6 13.Nxc6 Bxc6 14.Qd4 a5 15.Be2 O-O 16.O-O b4
17.axb4 axb4 18.Rxa8 Rxa8 19.Nd1 Ra2 20.Nf2 h6 21.Re1 Qa5 22.Rd1 Ba4 23.Nd3 Bxc2
24.Nxc5 Bxd1 25.Bxd1 Qb6 26.Be2 b3 27.Bg4 h5 28.Bh3 g6 29.Nxe6 Qxd4+ 30.Nxd4 Rxb2
31.f5 Rb1+  0-1

[Event "XXXI Open"]
[Site "Mar del Plata ARG"]
[Date "2000.04.16"]
[Round "2"]
[White "Alonso,S"]
[Black "Ligato,G"]
[Result "1-0"]
[WhiteElo "2369"]
[BlackElo "2127"]

1.e4 e6 2.d4 d5 3.Nc3 Nf6 4.e5 Nfd7 5.f4 c5 6.Nf3 Nc6 7.Be3 Be7 8.Bd3 cxd4
9.Nxd4 Nxd4 10.Bxd4 Nc5 11.O-O Nxd3 12.Qxd3 g6 13.Nd1 Qa5 14.Nf2 Bd7 15.Qe3 b6
16.c3 Bb5 17.Rfb1 Qa4 18.Ng4 Kd7 19.b3 Qa3 20.Qd2 Rac8 21.Ne3 Rhd8 22.Nc2 Qa6
23.a4 Bd3 24.a5 Bxc2 25.Qxc2 bxa5 26.b4 Qc6 27.Rxa5 a6 28.Kf2 Ke8 29.Qa4 Rd7
30.Qxc6 Rxc6 31.Rba1 h5 32.Rxa6 Rxa6 33.Rxa6 Rb7 34.Ke3 Kd7 35.Kd3 Bf8 36.Kc2 Bg7
37.Kb3 Bf8 38.Ka4 Bg7 39.Ra8 Kc7 40.Ka5 Kd7 41.Ka6 Kc7 42.b5 Rb8 43.b6+  1-0

[Event "Doeberl Cup"]
[Site "Canbarra AUS"]
[Date "2000.04.21"]
[Round "2"]
[White "Chapman,M AUS"]
[Black "Muljadi,H"]
[Result "1-0"]
[WhiteElo "2320"]
[BlackElo "2180"]

1.e4 e6 2.d4 d5 3.Nc3 Nf6 4.e5 Nfd7 5.Nce2 c5 6.c3 Nc6 7.f4 cxd4 8.cxd4 f6
9.Nf3 fxe5 10.fxe5 Bb4+ 11.Kf2 O-O 12.Nf4 Qe7 13.Kg3 Ndxe5 14.dxe5 Nxe5 15.Nxe5 Qg5+
16.Ng4 Bd6 17.h4 Bxf4+ 18.Kh3 Qd8 19.g3 Bc7 20.Kg2 e5 21.Be2 Bf5 22.Rf1 Qd7
23.Rxf5 Rxf5 24.Ne3 Rd8 25.Nxf5 Qxf5 26.Bg5 Rd6 27.Rc1 Qf7 28.Qf1 Qd7 29.Bg4 Qxg4
30.Rxc7  1-0

[Event "Open"]
[Site "Dubai UAE"]
[Date "2000.04.28"]
[Round "1"]
[White "Othman,R"]
[Black "Bagirov,R"]
[Result "1/2-1/2"]
[WhiteElo "2095"]
[BlackElo "2481"]

1.d4 Nf6 2.Nc3 e6 3.e4 d5 4.e5 Nfd7 5.Nf3 c5 6.Bb5 Nc6 7.O-O Be7 8.dxc5 Bxc5
9.Na4 Be7 10.c4 dxc4 11.Qe2 Qc7 12.Qxc4 O-O 13.Re1 a6 14.Bxc6 bxc6 15.Bd2 Bb7
16.Qg4 Rfc8 17.Re2 c5 18.Rae1 c4 19.Nc3 Rab8 20.Bh6 Bf8 21.Nd2 Nc5 22.Re3 g6
23.Bxf8 Rxf8 24.Nxc4 Nd7 25.Ne4 Bd5 26.b3 Bxc4 27.bxc4 Qxe5 28.Ng5 Qg7 29.h3 Rb2
30.Rd1 Nc5 31.Re2 h6 32.Rxb2 Qxb2 33.Nf3 Qxa2 34.Qd4 Qa5 35.Ne5 h5 36.Nc6 Qb6
37.Ne5 Qc7 38.g4 Kh7 39.Kf1 f6 40.Nd7 Nxd7 41.Qxd7+ Qxd7 42.Rxd7+ Kh6 43.Rd6 hxg4
44.hxg4 e5 45.Rxa6 Kg5 46.f3 Rc8 47.Ra4 e4 48.Kf2 Rb8 49.fxe4 Kf4 50.c5 Rb2+
51.Ke1 Rc2 52.Ra6 Ke5 53.g5 fxg5 54.Rxg6 Kxe4  1/2-1/2

[Event "FSIM May"]
[Site "Budapest HUN"]
[Date "2000.05.06"]
[Round "1"]
[White "Resika,N"]
[Black "Kritz,L"]
[Result "1/2-1/2"]
[WhiteElo "2190"]
[BlackElo "2281"]

1.e4 e6 2.d4 d5 3.Nc3 Nf6 4.e5 Nfd7 5.f4 c5 6.Nf3 Nc6 7.Be3 cxd4 8.Nxd4 Bc5
9.Qd2 O-O 10.O-O-O a6 11.h4 Nxd4 12.Bxd4 b5 13.Rh3 b4 14.Ne2 a5 15.Qe3 Qc7
16.Bxc5 Nxc5 17.Nd4 a4 18.Kb1 a3 19.b3 Ne4 20.Nb5 Qc6 21.Bd3 Ba6 22.Bxe4 Bxb5
23.Bd3 Rac8 24.Qd2 Rc7 25.Rc1 Qc5 26.h5 Rfc8 27.g4 g6 28.Bxb5 Qxb5 29.f5 d4
30.hxg6 Qxe5 31.gxh7+ Kh8 32.Rd3 exf5 33.gxf5 Qxf5 34.Rxd4 Qf6 35.Qf4 Qxf4
36.Rxf4 Rb7 37.Rg1 Rbc7 38.Rc1 Rb7 39.Rg1 Rbc7 40.Rf2 Rd8 41.Rfg2 Rd4 42.Rh2 Rc8
43.Rhg2 Rc7 44.Rh2 Rc8 45.Rf2 Rc7 46.Rh1 Rg4 47.Kc1 Rg7 48.Rd2 Rxh7 49.Rd8+ Kg7
50.Rxh7+ Kxh7 51.Rb8 Re7 52.Rxb4 Re1+ 53.Kd2 Ra1 54.c4 Rxa2+ 55.Kc3 Ra1 56.Ra4 f5
57.c5 f4 58.Kd2 f3 59.Ke3 a2 60.Kxf3 Rf1+  1/2-1/2

[Event "FSIM May"]
[Site "Budapest HUN"]
[Date "2000.05.18"]
[Round "13"]
[White "Cooke,E"]
[Black "Resika,N"]
[Result "1/2-1/2"]
[WhiteElo "2266"]
[BlackElo "2190"]

1.e4 e6 2.d4 d5 3.Nc3 Nf6 4.e5 Nfd7 5.f4 c5 6.Nf3 Nc6 7.Be3 cxd4 8.Nxd4 Bc5
9.Qd2 O-O 10.O-O-O Nxd4 11.Bxd4 Bxd4 12.Qxd4 Qb6 13.Nb5 Qxd4 14.Nxd4  1/2-1/2

[Event "Open"]
[Site "Pula CRO"]
[Date "2000.05.24"]
[Round "9"]
[White "Struk,J"]
[Black "Goric,E"]
[Result "1-0"]
[WhiteElo "2268"]
[BlackElo "2337"]

1.e4 e6 2.d4 d5 3.Nc3 Nf6 4.e5 Nfd7 5.f4 c5 6.Nf3 Nc6 7.Be3 cxd4 8.Nxd4 Nxd4
9.Bxd4 Nb8 10.Qd2 Nc6 11.O-O-O Be7 12.Kb1 Bd7 13.Nb5 a6 14.Nd6+ Bxd6 15.exd6 Nxd4
16.Qxd4 Qf6 17.Qd2 Rc8 18.g4 O-O 19.h4 Bb5 20.g5 Qd8 21.f5 Qxd6 22.f6 gxf6
23.gxf6 Kh8 24.Bxb5 axb5 25.Rhg1 Rg8 26.h5 Rg3 27.Rxg3 Qxg3 28.Qe2 b4 29.Qb5 b3
30.Qxb3 Qe5 31.Rf1 Rg8 32.a4 h6 33.Qb5 Qc7 34.b3 b6 35.Qb4 Rc8 36.Qd2 Kh7
37.Rg1 Rg8  1-0

[Event "Guillermo Garcia Premier I"]
[Site "Santa Clara CUB"]
[Date "2000.06.05"]
[Round "10"]
[White "Perez,Lu"]
[Black "Borges Mateos,J"]
[Result "0-1"]
[WhiteElo "2459"]
[BlackElo "2435"]

1.e4 e6 2.d4 d5 3.Nc3 Nf6 4.e5 Nfd7 5.Nce2 c5 6.c3 Nc6 7.f4 Be7 8.Nf3 g6
9.g3 a6 10.Bh3 b5 11.O-O Qb6 12.Kh1 b4 13.c4 dxc4 14.d5 exd5 15.Qxd5 Qc7
16.Qxc4 Nb6  0-1

[Event "Parkroyal Int"]
[Site "Surfers Paradise AUS"]
[Date "2000.06.08"]
[Round "2"]
[White "Zhao Zong Yuan"]
[Black "Corker,K"]
[Result "1-0"]
[WhiteElo "2242"]
[BlackElo "2002"]

1.e4 e6 2.d4 d5 3.Nc3 Nf6 4.e5 Ne4 5.Nxe4 dxe4 6.Be3 c5 7.dxc5 Nd7 8.Qg4 Nxc5
9.Bxc5 Bxc5 10.Qxg7 Rf8 11.Bb5+ Bd7 12.O-O-O Bxb5 13.Rxd8+ Rxd8 14.Nh3 e3
15.Qg3 e2 16.Nf4 Bd4 17.Qf3 Bxe5 18.Nxe2 Bc6 19.Qe3 Bc7 20.Nf4 Bb6 21.Qe5 Ke7
22.Qg5+ f6 23.Qh5 e5 24.Qxh7+ Rf7 25.Ng6+ Ke6 26.Qh3+ f5 27.Re1 e4 28.Nf4+ Kd7
29.Qh6 Re8 30.Qg6 Rff8 31.Rd1+ Kc8 32.Ne6 Rg8 33.Qxf5 Bd7 34.Rxd7 Kxd7 35.Nf8+  1-0

[Event "Jack Collins Int Gp A"]
[Site "New York USA"]
[Date "2000.06.13"]
[Round "2"]
[White "Lapshun,Y"]
[Black "Bonin,J"]
[Result "1/2-1/2"]
[WhiteElo "2429"]
[BlackElo "2419"]

1.e4 e6 2.d4 d5 3.Nc3 Nf6 4.e5 Nfd7 5.f4 c5 6.Nf3 Nc6 7.Be3 a6 8.Qd2 b5 9.g3 Qb6
10.Bh3 b4 11.Ne2 a5 12.O-O Ba6 13.Rf2 Bxe2 14.Rxe2 cxd4 15.Nxd4 Nxd4 16.Bxd4 Qxd4+
17.Qxd4 Bc5 18.Rd1 Bxd4+ 19.Rxd4 g6 20.c4 bxc3 21.bxc3 Rc8 22.c4 Rxc4 23.Rxc4 dxc4
24.Bf1 Ke7 25.Rc2 Rc8 26.Rxc4 Rxc4  1/2-1/2

[Event "It"]
[Site "Valjevo YUG"]
[Date "2000.06.17"]
[Round "1"]
[White "Sedlak,N"]
[Black "Stojanovic,Mih"]
[Result "1/2-1/2"]
[WhiteElo "2323"]
[BlackElo "2443"]

1.e4 e6 2.d4 d5 3.Nc3 Nf6 4.e5 Nfd7 5.f4 c5 6.Nf3 cxd4 7.Nxd4 Qb6 8.Be3 Qxb2
9.Ndb5 Qb4 10.Qd2 Qa5 11.Nxd5 Qxd2+ 12.Kxd2 exd5 13.Nc7+ Kd8 14.Nxa8 b6 15.Rb1 Nc5
16.Nxb6 axb6 17.Rxb6 Kc7 18.Rb1 Nc6 19.Bxc5 Bxc5 20.Rb5 Bb6 21.Bd3 Ba5+ 22.Ke3 Bb6+
23.Kd2 Ba5+ 24.Ke3 Bb6+ 25.Kd2  1/2-1/2

[Event "Jack Collins Int Final A"]
[Site "New York USA"]
[Date "2000.06.20"]
[Round "2"]
[White "Stripunsky,A"]
[Black "Bonin,J"]
[Result "1-0"]
[WhiteElo "2512"]
[BlackElo "2419"]

1.e4 e6 2.d4 d5 3.Nc3 Nf6 4.e5 Nfd7 5.f4 c5 6.Nf3 Nc6 7.Be3 a6 8.Qd2 b5 9.dxc5 Bxc5
10.Bxc5 Nxc5 11.Qf2 Qb6 12.Bd3 b4 13.Ne2 a5 14.O-O Ba6 15.Kh1 Bxd3 16.cxd3 Qb5
17.Qh4 Qxd3 18.Ng3 Ne7 19.Rad1 Nf5 20.Nxf5 Qxf5 21.Nd4 Qe4 22.Rfe1 Qg6 23.Nc6 f6
24.exf6 gxf6 25.Rxd5 Ne4 26.f5 exf5 27.Qf2 Kf8 28.Rxe4 fxe4 29.Ne5 Qg7 30.Rd7 Rc8
31.h4 Qh6 32.Ng4 Qg6 33.Qd4 Rc6 34.Rd8+ Kg7 35.Rd7+ Kf8 36.Qd5 f5 37.Rd8+ Kg7
38.Qd4+ Rf6 39.Rd7+  1-0

[Event "It"]
[Site "Valjevo YUG"]
[Date "2000.06.20"]
[Round "4"]
[White "Sedlak,N"]
[Black "Vuckovic,Bo"]
[Result "1/2-1/2"]
[WhiteElo "2323"]
[BlackElo "2427"]

1.e4 e6 2.d4 d5 3.Nc3 Nf6 4.e5 Nfd7 5.f4 c5 6.Nf3 Nc6 7.Be3 a6 8.Qd2 b5 9.dxc5 Bxc5
10.Bxc5 Nxc5 11.Qf2 Qb6 12.Bd3 b4 13.Ne2 a5 14.O-O Ba6 15.Kh1 Ne7 16.Rad1 Na4
17.Qxb6 Nxb6 18.b3 a4 19.Nfd4 O-O 20.Rf3 Nd7 21.Bxa6 Rxa6 22.c3  1/2-1/2

[Event "11th Open"]
[Site "Ljubljana SLO"]
[Date "2000.06.25"]
[Round "9"]
[White "Zelcic,R"]
[Black "Gleizerov,E"]
[Result "1/2-1/2"]
[WhiteElo "2529"]
[BlackElo "2508"]

1.e4 e6 2.d4 d5 3.Nc3 Nf6 4.e5 Nfd7 5.f4 c5 6.Nf3 Qb6 7.Be3 a6 8.a3 Nc6 9.Be2 Qa7
10.Bf2 cxd4 11.b4 Qb8 12.Na2 f6  1/2-1/2

[Event "It Ingres"]
[Site "Montauban FRA"]
[Date "2000.06.25"]
[Round "4"]
[White "Murey,J"]
[Black "Komarov,D"]
[Result "1-0"]
[WhiteElo "2487"]
[BlackElo "2568"]

1.d4 e6 2.e4 d5 3.Nc3 Nf6 4.e5 Nfd7 5.f4 c5 6.Nf3 Nc6 7.Be3 a6 8.a3 cxd4
9.Nxd4 Bc5 10.Qd2 Nxd4 11.Bxd4 Bxd4 12.Qxd4 Qb6 13.O-O-O Qxd4 14.Rxd4 b6
15.g3 Bb7 16.Bg2 Rc8 17.Rhd1 Rc7 18.Ne2 h5 19.h4 Ke7 20.b3 Rhc8 21.R4d2 a5
22.Kb2 Ba6 23.Nd4 Rc3 24.f5 Nxe5 25.fxe6 fxe6 26.Re1 Kd6 27.Nf5+ exf5 28.Rxd5+ Ke7
29.Rexe5+ Kf6 30.Rxf5+ Ke6 31.Be4 Rxg3 32.Rxh5 Rc7 33.Rdg5 Be2 34.Rxg3 Bxh5
35.Bg6 Bd1 36.Kc1 Be2 37.Re3+ Kf6 38.Rxe2 Kxg6 39.Re6+ Kh5 40.Rxb6 Kxh4 41.Rg6 Kh5
42.Ra6 Rc5 43.b4 axb4 44.axb4 Rc4 45.Ra4 g5 46.Kd2 g4 47.Kd3 Rf4 48.Ra1 g3
49.Rg1 Rf3+ 50.Ke4 Kg4 51.b5 Rf2 52.Kd3 Kh3 53.c4 Kh2 54.Ra1 g2 55.c5 Rf1
56.Ra2 Rb1 57.Kc4 Kh1 58.Rxg2 Kxg2 59.c6 Kf3 60.Kc5 Ke4 61.c7 Ke5 62.Kc6 Rc1+
63.Kd7 Rd1+ 64.Ke7 Rh1 65.c8=Q  1-0